| 000 | 00681nam a22002530a 4500 | ||
|---|---|---|---|
| 001 | PT41526 | ||
| 003 | AR-LpoUNG | ||
| 005 | 20220829170623.0 | ||
| 007 | aj ||||| | ||
| 008 | 220829b ag ||||| |||| 00| 0 spa d | ||
| 040 |
_aAR-LpoUNG _bspa _cAR-LpoUNG _eaacr |
||
| 082 | 0 | _a982.024 275vir | |
| 110 | 2 | _aSistemas Educativos (Buenos Aires) | |
| 245 | 0 | 0 | _aVirreinato del Río de La Plata : 1776-1810 |
| 260 |
_aBuenos Aires : _bPeuser, _cs.f.. |
||
| 300 | _a1 mural laminado : col. ; 0,78 x 1,18 cm. | ||
| 650 | 4 | _aARGENTINA | |
| 650 | 4 | _aHISTORIA | |
| 650 | 4 | _aCOLONIALISMO | |
| 650 | 4 | _aHISTORIA POLITICA | |
| 650 | 4 | _aMAPAS | |
| 905 | _a41526 | ||
| 942 |
_cMAPA _2ddc |
||
| 999 |
_c63546 _d63546 |
||